MAKING EVERY MATHS LESSON COUNT (Record no. 216562)

MARC details
000 -LEADER
fixed length control field 00561nam a22001577a 4500
008 - FIXED-LENGTH DATA ELEMENTS--GENERAL INFORMATION
fixed length control field 260205b |||||||| |||| 00| 0 eng d
020 ## - INTERNATIONAL STANDARD BOOK NUMBER
International Standard Book Number 978-178583332-8
100 ## - MAIN ENTRY--PERSONAL NAME
Personal name MCCREA, EMMA
245 ## - TITLE STATEMENT
Title MAKING EVERY MATHS LESSON COUNT
Remainder of title SIX PRINCIPLES TO SUPPORT GREAT MATHS TEACHING
260 ## - PUBLICATION, DISTRIBUTION, ETC.
Place of publication, distribution, etc. WALES
Name of publisher, distributor, etc. CROWN HOUSE PUBLISHING
Date of publication, distribution, etc. 2019
300 ## - PHYSICAL DESCRIPTION
Extent VII, 172P.
500 ## - GENERAL NOTE
General note INCLUDES BIBLIOGRAPHICAL REFERENCES
650 ## - SUBJECT ADDED ENTRY
Topical term or geographic name entry element 1 MATHEMATICS -STUDY AND TEACHING 2. MATHEMATICS TEACHERS - TRAINING OF 3. EFFECTICE TEACHING
942 ## - ADDED ENTRY ELEMENTS (KOHA)
Source of classification or shelving scheme Library of Congress Classification
Koha item type Long Loan Book
Holdings
Withdrawn status Lost status Source of classification or shelving scheme Damaged status Not for loan Collection Home library Current library Shelving location Date acquired Inventory number Total checkouts Full call number Barcode Date last seen Copy number Price effective from Koha item type
    Library of Congress Classification     Science & Technology Kisii University Library Kisii University Library On Display 02/05/2026 111196   QA11.2 .M23 2019 50927 02/05/2026 1 02/05/2026 Long Loan Book
    Library of Congress Classification     Science & Technology Kisii University Library Kisii University Library On Display 02/05/2026 111197   QA11.2 .M23 2019 50918 02/05/2026 2 02/05/2026 Long Loan Book
    Library of Congress Classification     Science & Technology Kisii University Library Kisii University Library On Display 02/05/2026 111198   QA11.2 .M23 2019 50920 02/05/2026 3 02/05/2026 Long Loan Book
    Library of Congress Classification     Science & Technology Kisii University Library Kisii University Library On Display 02/05/2026 111199   QA11.2 .M23 2019 50922 02/05/2026 4 02/05/2026 Long Loan Book
    Library of Congress Classification     Science & Technology Kisii University Library Kisii University Library On Display 02/05/2026 111200   QA11.2 .M23 2019 50924 02/05/2026 5 02/05/2026 Long Loan Book